Lessons in English. Ч. 3: Для 7-го класса (Запись № 13611951)

Подробности
000 -МАРКЕР
контрольное поле 01106nam2a2200253 4500
001 - ИДЕНТИФИКАТОР ЗАПИСИ
контрольное поле rc\2983077
005 - ИДЕНТИФИКАТОР ВЕРСИИ
контрольное поле 20260315062706.0
035 ## - ДРУГИЕ СИСТЕМНЫЕ НОМЕРА
Идентификатор записи (NLR Aleph) 007128142
100 ## - ДАННЫЕ ОБЩЕЙ ОБРАБОТКИ
Данные общей обработки 20040927d1943 u y0rusy50 ca
101 0# - ЯЗЫК РЕСУРСА
Язык текста, звукозаписи и т.д. английский
-- русский
102 ## - СТРАНА ПУБЛИКАЦИИ ИЛИ ПРОИЗВОДСТВА
Страна публикации Российская Федерация
105 ## - ПОЛЕ КОДИРОВАННЫХ ДАННЫХ: ТЕКСТОВЫЕ МАТЕРИАЛЫ, МОНОГРАФИЧЕСКИЕ
Кодированные данные о монографическом текстовом документе a z |||||
200 1# - ЗАГЛАВИЕ И СВЕДЕНИЯ ОБ ОТВЕТСТВЕННОСТИ
Основное заглавие Для 7-го класса
210 ## - ПУБЛИКАЦИЯ, РАСПРОСТРАНЕНИЕ И ДР.
Дата издания, распространения и т.д. 1943
215 ## - ФИЗИЧЕСКАЯ ХАРАКТЕРИСТИКА
Специфическое обозначение материала и объем 144 с.
Другие сведения о физической характеристике ил.
300 ## - ОБЩИЕ ПРИМЕЧАНИЯ
Текст примечания На обл. загл.: English
461 #0 - УРОВЕНЬ НАБОРА
Встроенное поле 001rc\2983076
-- 2001#$aLessons in English$eУчебник англ. яз. для неполной сред. и сред. школы$eУтв. НКП РСФСР$vЧ. 3
-- 700#1$aНолле-Нестерова$bК.А.$gКлавдия Алексеевна
Системный номер (АБИС) связанной записи 6931765
Автор Нолле-Нестерова, К.А.
Место публикации Москва
Дата публикации 1943
Издание 5-е изд.
Имя издателя, распространителя и т.д. Учпедгиз
Сведения, относящиеся к заглавию Учебник англ. яз. для неполной сред. и сред. школы : Утв. НКП РСФСР
Заглавие Lessons in English
Номер тома Ч. 3
512 00 - ЗАГЛАВИЕ ОБЛОЖКИ
Заглавие обложки English
Язык заглавия английский
801 #0 - ИСТОЧНИК ЗАПИСИ
Страна Российская Федерация
Организация NLR
Правила каталогизации psbo
801 #1 - ИСТОЧНИК ЗАПИСИ
Страна Российская Федерация
Организация ELAR
Источник данных rusmarc
852 ## - МЕСТОНАХОЖДЕНИЕ И ШИФР ХРАНЕНИЯ
Идентификатор организации NLR
Шифр хранения (Call Number) Я60 Г-5/255(3)
942 ## - ДОПОЛНИТЕЛЬНЫЕ ЭЛЕМЕНТЫ ЗАПИСИ (АБИС)
Тип экземпляра АБИС Неопределено
980 ## - КОЛЛЕКЦИЯ
Название коллекции Национальная библиография

Нет доступных экземпляров.